German Words for Animals (Domesticated) - Statistics

General Stats
  • This quiz has been taken 21 times
  • The average score is 12 of 15
Answer Stats
English Answer % Correct
Dog Hund
100%
Cat Katze
95%
Hamster Hamster
86%
Cow Kuh
86%
Horse Pferd
86%
Sheep Schaf
86%
Pig Schwein
81%
Donkey Esel
71%
Goldfish Goldfisch
71%
Pet Haustier
71%
Goat Ziege
71%
Chicken Huhn
67%
Rabbit Kaninchen/Hase
67%
Pigeon Taube
62%
Guinea Pig Meerschweinchen
52%
No matching quizzes found
Score Distribution
Percent of People with Each Score
Percentile by Number Answered
Your Score History
You have not taken this quiz